Lectures on developmental physiology (Record no. 27162)

MARC details
000 -LEADER
fixed length control field 00344nam a2200133Ia 4500
082 ## - DEWEY DECIMAL CLASSIFICATION NUMBER
Classification number 575.16
Item number KUH
100 ## - MAIN ENTRY--AUTHOR NAME
Personal name KUHN, Alfred
245 #0 - TITLE STATEMENT
Title Lectures on developmental physiology
260 ## - PUBLICATION, DISTRIBUTION, ETC. (IMPRINT)
Place of publication Berlin
Name of publisher Springer
Year of publication 1971
650 ## - SUBJECT ADDED ENTRY--TOPICAL TERM
Topical Term Chromosome
650 ## - SUBJECT ADDED ENTRY--TOPICAL TERM
Topical Term Developmental physiology
942 ## - ADDED ENTRY ELEMENTS (KOHA)
Koha item type Books
Holdings
Withdrawn status Lost status Damaged status Not for loan Home library Current library Date acquired Full call number Accession Number Koha item type
        RRII Library RRII Library 16/12/2021 575.16 KUH 07791 Books